000 00574nam a2200205Ia 4500
005 20250425160734.0
008 250425s9999 xx 000 0 und d
041 _aspa
082 _a546
100 _aADAMS, D. M.
245 0 _aQUÍMICA INORGÁNICA PRÁCTICA AVANZADA : CONJUNTSO DE IDEAS Y EXPERIENCIAS COMPROBADAS, ÙTILES PARA SU DESARROLLO EN UN CURSO SUPERIOR
250 _a1A ED.
260 _aBARCELONA
260 _aEspaña
_bReverte
_c1966
300 _a179
650 _aQUIMICA INORGANICA
700 _aRAYNOR, J. B.
942 _c01
010 _a3902
999 _c195189
_d195189